| 000 | 00891nam a22002417a 4500 | ||
|---|---|---|---|
| 999 |
_c12450 _d12450 |
||
| 003 | AR-CdUCM | ||
| 008 | 190408b ||||| |||| 00| 0 spa d | ||
| 040 |
_aMUNICIPALIDAD PROVINCIAL DEL CUSCO _cBIBLIOTECA MUNICIPAL DEL CUSCO |
||
| 041 | _hfre | ||
| 082 |
_a323.1 / _bP85 / 1939 |
||
| 100 |
_aPrenant, Marcel _92355 |
||
| 245 | _aRaza y racismo / | ||
| 260 |
_aMéxico : _bFondo de Cultura Económica, _c1939. |
||
| 300 |
_a172 páginas ; _c17 cm. |
||
| 440 |
_aSección de Economía. _930300 |
||
| 505 | _aContenido: Racismo y antropología -- La raza y la sangre -- La raza y la herencia -- El mito de la raza -- Racismo y política extranjera -- El racismo y la lucha de clases ... | ||
| 650 |
_aRacismo _93784 |
||
| 650 |
_aRaza _92150 |
||
| 650 |
_aPolítica _9291 |
||
| 700 |
_aMartínez Báez, Manuel (traducción) _930301 |
||
| 942 |
_2ddc _cLIBROS |
||
| 945 |
_aachl _d2019-04-08 |
||